000 00816nam a2200277Ia 4500
003 OSt
005 20220912145429.0
006 a|||||r|||| 00| 0
007 ta
008 220909b |||||||| |||| 00| 0 eng d
024 _a66392
037 _cTextual
040 _aCSL
_beng
_cCSL
041 _aeng
082 _aB217p1:N69, L0.2
100 _aErdos P.
111 _aColloquium on combinatorial theory and its applications (1969 : Balatonfured)
245 0 _aProceeding on Combinatorial theory and its applications
260 _c1970
300 _ap.
_ccm.
490 _aCalloquia mathematica societatis janos bilydi; 4
650 _aCombinatorial analysis
700 _a Sos Vera T.
942 _hB217p1:N69, L0.2
_cTEXL
_2CC
999 _c31658
_d31658